000 00904nac a22002417a 4500
001 BR8501551
003 BR-BrBNA
005 20240105120253.0
008 230509b bl.|||m| |||| 00| 0 por d
040 _aBR-BrBNA
_bpor
_cBiblioteca Nacional de Agricultura
072 _aC00; E30
090 _aC00 BR8501551
110 1 _aEmpresa de Assistencia Tecnica e Extensao Rural do Rio Grande do Norte, Natal (Brasil)
_94052
245 1 _aRelatorio de atividades-84 [Empresa de Assistencia Tecnica e Extensao Rural do Rio Grande do Norte, Natal, Brasil]
260 3 _aNatal, RN (Brasil):
_c1985.
300 _a19 p.
490 _aRelatorio - Empresa de Assistencia Tecnica e Extensao Rural do Rio Grande do Norte (Brazil)
_v
_x
650 _aEXTENSAO RURAL
650 _aASSISTENCIA TECNICA
650 _aRIO GRANDE DO NORTE
909 _a202312
_bLúcia Elande
_c55
_dLúcia Elande
942 _2AGRIS
_n0
_cMS
999 _c278608
_d278608